|
|
|
|
| LEADER |
00000nab a2200000uu 4500 |
| 001 |
vtls011142315 |
| 003 |
SK-MaSNL |
| 005 |
20260303145722.0 |
| 008 |
230222|2004 xo |||||||||||||||||slo| |
| 015 |
|
|
|a SNBRB
|
| 035 |
|
|
|a (urnnbn)urn:nbn:sk:snk:ar-008dbd
|
| 035 |
|
|
|a (uuid)8e2c7a21-2a4c-4cae-99ed-ab4c05ed425a
|
| 035 |
|
|
|a urn:nbn:sk:snk-abatto
|
| 040 |
|
|
|a SNKBUCL
|b slo
|c SNKBUCL
|e AACR2
|
| 041 |
0 |
|
|a slo
|
| 044 |
|
|
|a xo
|c SK
|
| 100 |
1 |
|
|a Šafin, Ján,
|d 1967-
|4 aut
|9 213981
|
| 245 |
1 |
0 |
|a SOFIOLOGICKÉ HĽADANIA VLADIMÍRA SERGEJEVIČA SOĽOVJEVA
|c Ján Šafin
|
| 773 |
0 |
|
|t Pravoslávny teologický zborník
|g Č. 27 (2004), s. 352-362
|
| 954 |
|
|
|a odborná, vedecká literatúra pôvodná (slovenská)
|2 lita
|
| 958 |
|
|
|a OND
|
| 958 |
|
|
|a EUIPO
|
| 958 |
|
|
|a article14
|
| 999 |
|
|
|c 2004694
|d 2006624
|